Hai mươi năm sau; T1 = Vingt ans après

में बचाया:
ग्रंथसूची विवरण
मुख्य लेखक: Alexandre Dumas
स्वरूप: पुस्तक
भाषा:Undetermined
प्रकाशित: Hà Nội Văn Học 2001
विषय:
टैग : टैग जोड़ें
कोई टैग नहीं, इस रिकॉर्ड को टैग करने वाले पहले व्यक्ति बनें!
Thư viện lưu trữ: Trung tâm Học liệu Trường Đại học Cần Thơ
LEADER 00524nam a2200181Ia 4500
001 CTU_41598
008 210402s9999 xx 000 0 und d
082 |a 843.8 
082 |b D886/T1 
100 |a Alexandre Dumas 
245 0 |a Hai mươi năm sau; T1 
245 0 |b = Vingt ans après 
245 0 |c Alexandre Dumas; Dịch giả: Anh Vũ 
260 |a Hà Nội 
260 |b Văn Học 
260 |c 2001 
650 |a french literature - 19th century 
980 |a Trung tâm Học liệu Trường Đại học Cần Thơ